"Union douanière Européenne". (Record no. 89791)

MARC details
000 -LEADER
fixed length control field 00989cam a22002531 4500
001 - CONTROL NUMBER
control field sd 30000020
003 - CONTROL NUMBER IDENTIFIER
control field DLC
005 - DATE AND TIME OF LATEST TRANSACTION
control field 20260227112732.0
008 - FIXED-LENGTH DATA ELEMENTS--GENERAL INFORMATION
fixed length control field 840703s1929 fr u000 0 fre
010 ## - LIBRARY OF CONGRESS CONTROL NUMBER
LC control number sd 30000020
035 ## - SYSTEM CONTROL NUMBER
System control number (OCoLC)27414416
040 ## - CATALOGING SOURCE
Original cataloging agency DLC
Transcribing agency MdBJ
Modifying agency OCoLC
-- DLC
042 ## - AUTHENTICATION CODE
Authentication code premarc
050 00 - LIBRARY OF CONGRESS CALL NUMBER
Classification number JX1907
Item number .C75 1929 no. 4
100 1# - MAIN ENTRY--PERSONAL NAME
Personal name Le Trocquer,Yves,
Dates associated with a name 1877-
245 10 - TITLE STATEMENT
Title "Union douanière Européenne".
Statement of responsibility, etc. Conférence de M. Yves Le Trocquer ... Annexes documentaires ...
260 ## - PUBLICATION, DISTRIBUTION, ETC.
Place of publication, distribution, etc. Paris,
Name of publisher, distributor, etc. Publications de la Conciliation internationale
Date of publication, distribution, etc. [1929]
300 ## - PHYSICAL DESCRIPTION
Extent 2 p.l., [7]-93 p.
Dimensions 19 cm.
490 1# - SERIES STATEMENT
Series statement Conciliation internationale,
Volume/sequential designation [1929] Bulletin no. 4
500 ## - GENERAL NOTE
General note At head of title: Dotation Carnegie pour la paix internationale. Division des relations internationales & de l'éducation. Centre européen.
650 #0 - SUBJECT ADDED ENTRY--TOPICAL TERM
Topical term or geographic name entry element Tariff
Geographic subdivision Europe.
651 #0 - SUBJECT ADDED ENTRY--GEOGRAPHIC NAME
Geographic name Europe
General subdivision Commercial policy.
810 2# - SERIES ADDED ENTRY--CORPORATE NAME
Corporate name or jurisdiction name as entry element Conciliation internationale.
Title of a work Bulletin ;
Volume/sequential designation [1929] no. 4.

No items available.

Powered by Koha